00322 a2200133 450000100060000002000180000604000220002410000170004624000410006324500360010430000080014036200090014865000310015758259 a9788577750733 cAnchieta - Pituba aKane, Andrea10aNo lugar errado, na hora erradalpor10aNo lugar errado, na hora errada a3520 a2008 4aFicção norte-americana